Tropical forest census plots : (Registro nro. 848)

Detalles MARC
000 -CABECERA
Campo de control 00802cam a2200217 i 4500
005 - FECHA Y HORA DE LA ULTIMA TRANSACCION
Campo de control 20160217125409.0
008 - ELEMENTOS DE LONGITUD FIJA—INFORMACION GENERAL
Campo de control 990716t00001998-usac 0 eng d
015 ## - NATIONAL BIBLIOGRAPHY NUMBER
National bibliography number NNN
020 ## - ISBN
ISBN 3540641440
040 ## - FUENTE DE CATALOGACIÓN
Agencia catalogadora original CO-BoPUJ
Agencia transcriptora CO-BoIAVH
Agencia Modificadora CO-BoIAVH
041 0# - IDIOMA
Código de idioma para texto/pista de sonido o título separado Inglés
082 04 - NUMERO DE CLASIFICACION DECIMAL DEWEY
Número de clasificación 634.9285
Número del ítem C74t
100 1# - ASIENTO PRINCIPAL--NOMBRE PERSONAL
Nombre personal Condit, Richard
Fechas asociadas con el nombre 1956-
9 (RLIN) 60479
245 10 - MENCION DE TITULO
Título Tropical forest census plots :
Parte restante del título methods and results from Barro Colorado Island, Panama and a comparison with other plots /
Mención de responsabilidad Richard Condit.
260 ## - PUBLICACION, DISTRIBUCION, ETC. (PIE DE IMPRENTA)
Lugar de publicación, distribución, etc. New York :
Nombre del editor, distribuidor, etc. Springer,
Fecha de publicación, distribución, etc. 1998.
300 ## - DESCRIPCION FISICA
Extensión 211 páginas ;
Dimensiones 25 cm.
504 ## - NOTA DE BIBLIOGRAFIA, ETC.
Nota de bibliografía Incluye referencias bibliográficas.
650 14 - ASIENTO SECUNDARIO DE MATERIA - TERMINO TEMATICO
Término temático o nombre geográfico como elemento de entrada Reconocimiento de bosques
Subdivisión general Isla barro colorado (Panama)
9 (RLIN) 60480
650 24 - ASIENTO SECUNDARIO DE MATERIA - TERMINO TEMATICO
Término temático o nombre geográfico como elemento de entrada Reconocimiento de bosques
Subdivisión de forma Programas para computador
9 (RLIN) 60481
942 ## - ELEMENTOS ADICIONALES (KOHA)
Sistema de clasificación Dewey Decimal Classification
Tipo de ítem Libro
Existencias
Withdrawn status Lost status Sistema de Clasificación Damaged status No para préstamo Colección Inventariado Ubicación Permanente Ubicación actual Fecha de adquisición Valor Total Checkouts Número topográfico Inventario / Código de Barras Date last seen Ejemplar Price effective from Forma de adquisición Tipo de material
    Dewey Decimal Classification     General Inventariado 2017 Bogotá Bogotá 11/12/1998 39000.00   LB-634.9285 C74t 003673 04/12/2012 Ej. 1 04/12/2012   Libro